Catálogo

EL VALOR DE DIVORCIARSE (Registro nro. 21834)

Detalles MARC
000 -LEADER
fixed length control field 00520nam a2200205 a 4500
001 - CONTROL NUMBER
control field 21834
005 - DATE AND TIME OF LATEST TRANSACTION
control field 20180713215638.0
008 - FIXED-LENGTH DATA ELEMENTS--GENERAL INFORMATION
fixed length control field 140415s1979 mx 000 0 spa d
020 ## - INTERNATIONAL STANDARD BOOK NUMBER
International Standard Book Number 9681308387
041 ## - LANGUAGE CODE
Language code of text/sound track or separate title spa
082 ## - DEWEY DECIMAL CLASSIFICATION NUMBER
Classification number 306.89
Item number GET
100 1# - MAIN ENTRY--PERSONAL NAME
Personal name GETTLEMAN, SUSAN
245 13 - TITLE STATEMENT
Title EL VALOR DE DIVORCIARSE
250 ## - EDITION STATEMENT
Edition statement 1a ed.
260 ## - PUBLICATION, DISTRIBUTION, ETC.
Place of publication, distribution, etc. MEXICO :
Name of publisher, distributor, etc. DIANA,
Date of publication, distribution, etc. 1979
300 ## - PHYSICAL DESCRIPTION
Extent 280
650 14 - SUBJECT ADDED ENTRY--TOPICAL TERM
Topical term or geographic name entry element DIVORCIO
700 1# - ADDED ENTRY--PERSONAL NAME
Personal name LOPEZ DE SARMIENTO, SYLVIA
Relator term tr.
700 1# - ADDED ENTRY--PERSONAL NAME
Personal name MARCOWITZ, JANET
Relator term coaut.
Existencias
Withdrawn status Lost status Source of classification or shelving scheme Damaged status Not for loan Collection code Home library Current library Shelving location Date acquired Source of acquisition Inventory number Total Checkouts Full call number Barcode Date last seen Date last checked out Price effective from Koha item type
    Dewey Decimal Classification     General Biblioteca Karol Wojtyla Biblioteca Karol Wojtyla Sala general 03/12/2013 Compra 151000000000000000052954 1 306.89 GET 42225 05/01/2026 15/10/2018 03/12/2013 Libro